000 00301nam a2200109Ia 4500
008 171211s9999 xx 000 0 und d
245 _aGary Kasparov's on My Great Predecessors
245 _cGarry Kasparov
260 _c2003
650 _xGAMES
856 _uhttp://down.ebook777.com/058/185744342X.pdf
999 _c348872
_d348872